[Event "Tournoi Skype 022A"]
[Site "Skype"]
[Date "????.??.??"]
[Round "2.3"]
[White "Khetre, Gaurav"]
[Black "Benson, Paul"]
[Result "0-1"]
[WhiteElo "1714"]
[BlackElo "2015"]
[PlyCount "98"]

1. d4 f5 2. c4 Nf6 3. Nf3 d6 4. g3 g6 5. Bg2 Bg7 6. O-O O-O 7. Nc3 c6 8. Bd2
Na6 9. Qc1 Rb8 10. a4 Nb4 11. Bh6 Qc7 12. Qf4 Bd7 13. Rfd1 Rfd8 14. Rd2 Be8 15.
Bxg7 Kxg7 16. Rad1 Bf7 17. b3 Na6 18. e4 fxe4 19. Nxe4 d5 20. Qxc7 Nxc7 21.
Nxf6 exf6 22. c5 Re8 23. Re1 Rxe1+ 24. Nxe1 Re8 25. Kf1 Ne6 26. h4 g5 27. Bh3
gxh4 28. Bxe6 Bxe6 29. gxh4 Bh3+ 30. Ng2 Re4 31. h5 Rg4 32. f3 Rxg2 33. Rxg2+
Bxg2+ 34. Kxg2 Kh6 35. Kg3 Kxh5 36. f4 Kg6 37. Kg4 h5+ 38. Kf3 Kf5 39. b4 h4
40. b5 a6 41. b6 a5 42. Kg2 Kxf4 43. Kh3 Ke3 44. Kxh4 f5 45. Kg3 f4+ 46. Kg2
Ke2 47. Kg1 f3 48. Kh2 f2 49. Kg3 f1=Q 0-1

[Event "Tournoi Skype 022A"]
[Site "Skype"]
[Date "????.??.??"]
[Round "2.4"]
[White "Deville, Olivier"]
[Black "Thacker, Stephen"]
[Result "1-0"]
[WhiteElo "1991"]
[BlackElo "1693"]
[PlyCount "51"]

1. c4 Nf6 2. d4 e6 3. g3 c6 4. Bg2 d5 5. Qc2 Bb4+ 6. Nd2 h6 7. Ngf3 Ne4 8. O-O
Nxd2 9. Bxd2 Bxd2 10. Nxd2 Nd7 11. e4 dxe4 12. Nxe4 Nf6 13. Rfd1 O-O 14. Rac1
Qe7 15. d5 Nxe4 16. Qxe4 cxd5 17. cxd5 Rd8 18. b3 e5 19. Re1 f6 20. f4 Re8 21.
Qc4 Qd6 22. Qc7 Rd8 23. Qxd6 Rxd6 24. fxe5 fxe5 25. Rxe5 Rb8 26. Re8+ 1-0

[Event "Tournoi Skype 022A"]
[Site "Skype"]
[Date "????.??.??"]
[Round "2.5"]
[White "Gomez, Ken"]
[Black "Casey, Eamonn"]
[Result "1-0"]
[WhiteElo "1900"]
[BlackElo "1686"]
[PlyCount "67"]

1. d4 Nf6 2. c4 g6 3. Nc3 Bg7 4. e4 d6 5. Nf3 O-O 6. Be2 Nbd7 7. O-O c5 8. d5
Ne8 9. Bg5 Ndf6 10. Qd2 Bd7 11. Bh6 Nc7 12. Bxg7 Kxg7 13. Rae1 Re8 14. h3 a6
15. a4 e5 16. Nh2 h5 17. f4 Qc8 18. f5 Rf8 19. Rf2 Nce8 20. Ref1 Qd8 21. g4
hxg4 22. Bxg4 Nxg4 23. Nxg4 Qh4 24. fxg6 Bxg4 25. hxg4 Rh8 26. Rxf7+ Kxg6 27.
Kg2 Rc8 28. Rxb7 Rc7 29. Rxc7 Nxc7 30. Qf2 Qg5 31. Qf3 Qh4 32. Qf7+ Kg5 33.
Qf5+ Kh6 34. Rh1 1-0

[Event "Tournoi Skype 022A"]
[Site "Skype"]
[Date "????.??.??"]
[Round "2.7"]
[White "Hilton, Stephen"]
[Black "Mulrooney, Justin"]
[Result "1/2-1/2"]
[WhiteElo "1892"]
[BlackElo "1622"]
[PlyCount "70"]

1. d4 Nf6 2. Bf4 e6 3. e3 d5 4. Bd3 Bd6 5. Bg3 Bd7 6. Nd2 Nc6 7. c3 Qe7 8. Ngf3
a6 9. Ne5 O-O 10. Ndf3 Ne4 11. Nxd7 Qxd7 12. Ne5 Qe8 13. Nf3 f5 14. O-O Ne7 15.
Ne5 Ng6 16. f4 c5 17. Bxe4 fxe4 18. Qg4 Rf5 19. h4 Nxe5 20. fxe5 h5 21. Qe2 Be7
22. Rxf5 exf5 23. Rf1 Qg6 24. Kh2 Rf8 25. c4 cxd4 26. exd4 f4 27. Bxf4 Bxh4 28.
cxd5 Bd8 29. Qc4 Qg4 30. g3 Bh4 31. d6+ Kh8 32. e6 Rxf4 33. gxf4 Qg3+ 34. Kh1
Qh3+ 35. Kg1 Qg3+ 1/2-1/2

[Event "Tournoi Skype 022A"]
[Site "Skype"]
[Date "????.??.??"]
[Round "2.8"]
[White "Alvarez, Juan Evangelista"]
[Black "Rico Hernandez, Edgar"]
[Result "0-1"]
[WhiteElo "1573"]
[BlackElo "1861"]
[PlyCount "68"]

1. e4 c6 2. Nc3 d5 3. d4 dxe4 4. Nxe4 Bf5 5. Qd3 e6 6. Bd2 Na6 7. O-O-O Qd5 8.
f3 Qxa2 9. Bc3 Qd5 10. g4 Bg6 11. Bg2 Nb4 12. Bxb4 Bxb4 13. c4 Qd7 14. Ne2 Nf6
15. Nxf6+ gxf6 16. Qe3 O-O-O 17. f4 Qc7 18. h4 Qa5 19. Be4 Qa1+ 20. Kc2 Qa4+
21. Kb1 Bxe4+ 22. Qxe4 Bd6 23. Nc3 Qxc4 24. Qc2 Bxf4 25. Rhf1 e5 26. dxe5 Rxd1+
27. Nxd1 Qxf1 28. Ka2 Bxe5 29. Ne3 Qa6+ 30. Kb1 Rd8 31. Qxh7 Qd3+ 32. Qxd3 Rxd3
33. Nc4 Rd4 34. Nxe5 fxe5 0-1

[Event "Tournoi Skype 022A"]
[Site "Skype"]
[Date "????.??.??"]
[Round "2.9"]
[White "Ricieri, Vinicius"]
[Black "Yardimci, Ertan"]
[Result "1-0"]
[WhiteElo "1857"]
[BlackElo "1501"]
[PlyCount "71"]

1. e4 e5 2. Nf3 Nc6 3. d4 exd4 4. Nxd4 Bc5 5. Be3 d6 6. Nxc6 bxc6 7. Bxc5 dxc5
8. Qxd8+ Kxd8 9. Bc4 Ke7 10. Nd2 Rb8 11. Nb3 Rb4 12. Bd3 c4 13. Na5 Rxb2 14.
Nxc6+ Kd7 15. Ne5+ Ke7 16. Nxc4 Rb8 17. O-O Nf6 18. f3 Be6 19. Rab1 Nd7 20. Kf2
h6 21. Ne3 Bxa2 22. Ra1 Be6 23. Rxa7 Rhc8 24. Rfa1 Nc5 25. Be2 Kf8 26. e5 Ke7
27. f4 g6 28. g4 Kd7 29. f5 gxf5 30. gxf5 Ne4+ 31. Ke1 Nc3 32. fxe6+ fxe6 33.
Bg4 Rg8 34. R7a6 Rbe8 35. R1a3 Ne4 36. Rd3+ 1-0

[Event "Tournoi Skype 022A"]
[Site "Skype"]
[Date "????.??.??"]
[Round "2.10"]
[White "K, Muthuraman"]
[Black "Gasperoni, Claudio"]
[Result "0-1"]
[WhiteElo "1438"]
[BlackElo "1853"]
[PlyCount "68"]

1. c4 e6 2. b3 d5 3. cxd5 exd5 4. Bb2 Nf6 5. Nf3 c5 6. e3 Be7 7. Be2 O-O 8. O-O
Nc6 9. d4 Bg4 10. dxc5 Bxc5 11. h3 Bh5 12. Qc2 Bb6 13. a3 Rc8 14. Qd1 Re8 15.
Nc3 Bg6 16. Nb5 a6 17. Nbd4 Qd6 18. Nxc6 Rxc6 19. Bd3 Ne4 20. Nd4 Rcc8 21. b4
Ba7 22. Nb3 Bb8 23. f4 Nc3 24. Qd2 Bxd3 25. Qxd3 Ba7 26. Rf3 Qg6 27. f5 Qg5 28.
Bxc3 Rxe3 29. Rxe3 Qxe3+ 30. Qxe3 Bxe3+ 31. Kf1 Rxc3 32. Rb1 b6 33. Rb2 Kf8 34.
Ke2 Ke7 0-1

[Event "Tournoi Skype 022A"]
[Site "Skype"]
[Date "????.??.??"]
[Round "2.11"]
[White "Dal, Ibrahim"]
[Black "Levantini, Claudio"]
[Result "0-1"]
[WhiteElo "1838"]
[BlackElo "1432"]
[PlyCount "60"]

1. d4 d5 2. c4 e6 3. Nc3 Nf6 4. Bg5 Nbd7 5. Nf3 c6 6. e3 Qa5 7. Bd3 Bb4 8. Qc2
Ne4 9. O-O Nxg5 10. Nxg5 dxc4 11. Nxf7 cxd3 12. Qxd3 Kxf7 13. Ne4 Be7 14. a3
Nf6 15. b4 Qf5 16. f3 Rd8 17. Qc4 Kg8 18. Nf2 Qd5 19. Qc2 e5 20. Rad1 exd4 21.
Rxd4 Qf7 22. Rfd1 Be6 23. Rxd8+ Rxd8 24. Rxd8+ Bxd8 25. e4 Bb6 26. e5 Nd7 27.
Qe2 Qf4 28. g3 Qxe5 29. Qxe5 Nxe5 30. f4 Nd3 0-1

[Event "Tournoi Skype 022A"]
[Site "Skype"]
[Date "????.??.??"]
[Round "2.12"]
[White "Lambert, Pierre"]
[Black "Vello, Pablo"]
[Result "1-0"]
[WhiteElo "1804"]
[BlackElo "1424"]
[PlyCount "49"]

1. e4 e6 2. d4 d5 3. e5 c5 4. c3 Nc6 5. Nf3 Qb6 6. a3 Bd7 7. b4 cxd4 8. cxd4
Nge7 9. Nc3 Nf5 10. Na4 Qc7 11. g4 Nfe7 12. Be3 Nc8 13. Rc1 Qd8 14. Bd3 Be7 15.
Qc2 Nb6 16. Nc5 Bxc5 17. bxc5 Nc8 18. O-O O-O 19. Bxh7+ Kh8 20. Bd3 N8e7 21. h4
Be8 22. Ng5 Ng6 23. Bxg6 fxg6 24. h5 gxh5 25. Qh7# 1-0

[Event "Tournoi Skype 022A"]
[Site "Skype"]
[Date "????.??.??"]
[Round "2.13"]
[White "Calderon, Job"]
[Black "Ayotte, Jocelyn"]
[Result "0-1"]
[WhiteElo "1600"]
[BlackElo "2124"]
[PlyCount "54"]

1. e4 c5 2. Nf3 e6 3. d4 d5 4. Nc3 Nf6 5. Bb5+ Nc6 6. O-O dxe4 7. Bxc6+ bxc6 8.
Nxe4 Nxe4 9. Be3 Be7 10. Ne5 Qc7 11. f3 Nf6 12. Nc4 Ba6 13. b3 Rd8 14. c3 O-O
15. Qc2 Bxc4 16. bxc4 e5 17. Rad1 exd4 18. cxd4 cxd4 19. Rxd4 Bc5 20. Rd3 Bxe3+
21. Rxe3 Qb6 22. c5 Qc7 23. Rfe1 Rfe8 24. g4 Rxe3 25. Rxe3 Qf4 26. Qe2 h6 27.
Re7 Rd2 0-1

[Event "Tournoi Skype 022A"]
[Site "Skype"]
[Date "????.??.??"]
[Round "2.14"]
[White "Diaz, Jose Garcia"]
[Black "Ibarra Cantu, Raul Alberto"]
[Result "1/2-1/2"]
[WhiteElo "1616"]
[BlackElo "1924"]
[PlyCount "123"]

1. e4 c5 2. Nc3 g6 3. Bc4 Bg7 4. Nge2 Nc6 5. a4 Nf6 6. O-O O-O 7. d3 d6 8. h3
Bd7 9. Be3 Qc8 10. Ng3 Be6 11. Bxe6 Qxe6 12. Qd2 b6 13. Bh6 a6 14. Bxg7 Kxg7
15. f4 Nd4 16. f5 Qe5 17. Nce2 Nxe2+ 18. Nxe2 b5 19. fxg6 fxg6 20. Nf4 c4 21.
d4 Qxe4 22. Rfe1 Qb7 23. Ne6+ Kf7 24. Nxf8 Rxf8 25. axb5 axb5 26. Qe3 Qd7 27.
Qf3 d5 28. Re2 Kg7 29. Qe3 Ne4 30. Qa3 Rf7 31. Ree1 Qe6 32. Rf1 Rxf1+ 33. Rxf1
c3 34. Qa8 Nf6 35. bxc3 Qe3+ 36. Kh2 Qxc3 37. Qb7 Kf7 38. Qxd5+ Kg7 39. Qe6
Qc7+ 40. Qe5 Qxe5+ 41. dxe5 Nd5 42. Rb1 b4 43. Rf1 Ne3 44. Rf2 Nd5 45. g4 Nc7
46. Rf4 Nd5 47. Rf2 Nc7 48. Rd2 Kf7 49. Rd4 Na6 50. Rc4 Nb8 51. Rxb4 Nc6 52.
Re4 Ke6 53. c4 Nxe5 54. Kg3 Kd6 55. Kf4 Nf7 56. c5+ Kd7 57. c6+ Kd6 58. c7 e5+
59. Ke3 Kxc7 60. Rc4+ Kd6 61. Rc8 Ke6 62. h4 1/2-1/2

[Event "Tournoi Skype 022A"]
[Site "Skype"]
[Date "????.??.??"]
[Round "2.15"]
[White "Segura Lozano, Marcos Antonio"]
[Black "Luna Perez Vico, Lorenzo"]
[Result "1-0"]
[WhiteElo "1825"]
[BlackElo "1554"]
[PlyCount "89"]

1. e4 c5 2. Nf3 Nc6 3. d4 cxd4 4. Nxd4 Nf6 5. Nc3 e6 6. Bg5 Be7 7. Ndb5 O-O 8.
Nd6 a6 9. f4 e5 10. Qd2 h6 11. Bxf6 Bxf6 12. Nd5 Be7 13. Nxe7+ Qxe7 14. f5 b6
15. c3 Na5 16. O-O-O Rd8 17. Be2 Nb7 18. Rhf1 Nxd6 19. Qxd6 Qxd6 20. Rxd6 b5
21. Rf3 Bb7 22. Bd3 Rac8 23. Rh3 Rc6 24. Rxc6 dxc6 25. Bc2 c5 26. f6 Bc8 27.
Rh5 Rd6 28. fxg7 Re6 29. Bd1 Kxg7 30. Bg4 Re8 31. Bxc8 Rxc8 32. Rxe5 Kf6 33.
Rf5+ Kg6 34. g4 Rd8 35. Rxc5 Rd6 36. h3 Re6 37. Kc2 Rxe4 38. Rc6+ Re6 39. Rxe6+
fxe6 40. h4 Kf6 41. Kd3 Ke5 42. Ke3 Kf6 43. Kf4 e5+ 44. Ke4 a5 45. b3 1-0

[Event "Tournoi Skype 022A"]
[Site "Skype"]
[Date "????.??.??"]
[Round "2.16"]
[White "Vasquez, Oscar"]
[Black "Karia, Vijay"]
[Result "0-1"]
[WhiteElo "1600"]
[BlackElo "1814"]
[PlyCount "92"]

1. c4 c6 2. Nc3 Nf6 3. d3 d5 4. e3 e6 5. Nf3 Nbd7 6. a3 Bd6 7. g3 O-O 8. Bg2
Nb6 9. b3 Re8 10. O-O e5 11. Qc2 Bf5 12. Rd1 dxc4 13. e4 cxb3 14. Qxb3 Be6 15.
Qc2 h6 16. a4 Nbd7 17. Be3 Ng4 18. Bc1 Bb4 19. h3 Ngf6 20. Be3 Qa5 21. Na2 Bd6
22. Nc3 Rac8 23. Rdb1 Bb4 24. Bd2 a6 25. Na2 Bxd2 26. Nxd2 Qc7 27. Nc3 Red8 28.
a5 Nc5 29. Rb6 Rxd3 30. Bf1 Rxd2 31. Qxd2 Nb3 32. Qb2 Nxa1 33. Qxa1 Rb8 34. Qb1
Nd7 35. Rb4 Qxa5 36. f3 c5 37. Rxb7 Rxb7 38. Qxb7 Qxc3 39. Qxa6 Qxf3 40. Kh2
Qxe4 41. Bg2 Qc2 42. Qd6 c4 43. h4 c3 44. Qc6 Qd2 45. Qc8+ Nf8 46. Qc5 c2 0-1

[Event "Tournoi Skype 022A"]
[Site "Skype"]
[Date "????.??.??"]
[Round "2.17"]
[White "Mitrani, Alberto"]
[Black "Slagle, Jim"]
[Result "0-1"]
[WhiteElo "1570"]
[BlackElo "1800"]
[PlyCount "36"]

1. c4 Nf6 2. g3 d5 3. cxd5 Qxd5 4. Nf3 Bf5 5. Nc3 Qd7 6. Bg2 Nc6 7. O-O O-O-O
8. d3 e5 9. Bg5 h6 10. Bxf6 gxf6 11. a3 Bh3 12. Qc2 h5 13. Rad1 h4 14. Nxh4
Rxh4 15. Bxh3 Rxh3 16. f3 Bc5+ 17. Kg2 Rxh2+ 18. Kxh2 Rh8+ 0-1

[Event "Tournoi Skype 022A"]
[Site "Skype"]
[Date "????.??.??"]
[Round "2.18"]
[White "Engstrom, Olle"]
[Black "Calcino, Luis"]
[Result "1/2-1/2"]
[WhiteElo "1772"]
[BlackElo "1570"]
[PlyCount "64"]

1. e4 c5 2. Nf3 Nc6 3. d4 cxd4 4. Nxd4 Qb6 5. Nb3 Nf6 6. Be3 Qc7 7. Nc3 e6 8.
a3 Be7 9. Be2 O-O 10. Qd2 d5 11. exd5 Nxd5 12. Nxd5 exd5 13. Qxd5 Be6 14. Qb5
Rfd8 15. O-O Rd5 16. Qa4 Ne5 17. Nd4 Ng4 18. Bxg4 Bxg4 19. Qb3 Rh5 20. g3 Bf6
21. Bf4 Qd7 22. c3 b6 23. f3 Bxd4+ 24. cxd4 Be6 25. Qd3 Bf5 26. Qd2 Bg6 27.
Rac1 Rd5 28. Be3 h6 29. Rc3 Rc8 30. Rxc8+ Qxc8 31. Rc1 Qd7 32. Qc3 f6 1/2-1/2

[Event "Tournoi Skype 022A"]
[Site "Skype"]
[Date "????.??.??"]
[Round "2.19"]
[White "Thoune, Jim"]
[Black "Chavero, Victor"]
[Result "1/2-1/2"]
[WhiteElo "1741"]
[BlackElo "1461"]
[PlyCount "81"]

1. d4 d5 2. Nf3 Nc6 3. Bf4 e6 4. e3 Nf6 5. h3 Bd6 6. Bxd6 Qxd6 7. c3 O-O 8. Bd3
e5 9. dxe5 Nxe5 10. Nxe5 Qxe5 11. Qe2 Bf5 12. Nd2 Be4 13. Nf3 Qf5 14. O-O-O
Bxd3 15. Rxd3 Ne4 16. g4 Qf6 17. Rg1 Qa6 18. Rgd1 Qxa2 19. Rxd5 Qa1+ 20. Kc2
Qa4+ 21. Kb1 Qb3 22. Qe1 c6 23. R5d4 Rfe8 24. Rb4 Qe6 25. Rxb7 Nc5 26. Rb4 a5
27. Rbd4 a4 28. Qe2 Rab8 29. Qc4 Qg6+ 30. Ka2 Qc2 31. Rb1 a3 32. Rd2 Qa4 33.
Qxa4 Nxa4 34. b4 Nxc3+ 35. Ka1 Nxb1 36. Kxb1 Rxb4+ 37. Ka2 Rb2+ 38. Rxb2 axb2
39. Kxb2 Rb8+ 40. Kc3 c5 41. Ne5 1/2-1/2

[Event "Tournoi Skype 022A"]
[Site "Skype"]
[Date "????.??.??"]
[Round "2.20"]
[White "Bendre, Pankaj"]
[Black "Trivedi, Viral"]
[Result "1/2-1/2"]
[WhiteElo "1554"]
[BlackElo "1679"]
[PlyCount "86"]

1. e4 Nc6 2. Nf3 f5 3. Nc3 fxe4 4. Ng5 d5 5. d4 Nf6 6. Bb5 e6 7. O-O Bd6 8. Nh3
O-O 9. Bg5 a6 10. Be2 Qe8 11. Nf4 h6 12. Bh5 Nxh5 13. Nxh5 Be7 14. Bxe7 Nxe7
15. Qg4 Qg6 16. Qxg6 Nxg6 17. f3 Rf5 18. Ng3 Rf7 19. fxe4 Rxf1+ 20. Rxf1 c6 21.
e5 b5 22. b4 Bd7 23. a4 Ne7 24. a5 Rf8 25. Rxf8+ Kxf8 26. Kf2 Kf7 27. h4 Kg6
28. Nge2 Kf5 29. g3 Kg4 30. Nf4 g5 31. hxg5 hxg5 32. Ng2 Nf5 33. Ne3+ Nxe3 34.
Kxe3 Kxg3 35. Ne2+ Kh4 36. Kf2 Be8 37. Ng1 g4 38. Ne2 Bg6 39. c3 Kg5 40. Kg3
Bd3 41. Nf4 Bf5 42. Ne2 Be4 43. Nf4 Bf5 1/2-1/2

[Event "Tournoi Skype 022A"]
[Site "Skype"]
[Date "????.??.??"]
[Round "2.21"]
[White "Murolo, Antonio"]
[Black "Martin, Jean-Claude"]
[Result "1-0"]
[WhiteElo "1675"]
[BlackElo "1531"]
[PlyCount "81"]

1. d4 e5 2. dxe5 Nc6 3. Nf3 Qe7 4. Nc3 Nxe5 5. Nd5 Nxf3+ 6. gxf3 Qd8 7. Bg5 f6
8. Bf4 d6 9. Qd4 c6 10. Qe3+ Ne7 11. Nxe7 Qxe7 12. O-O-O Qxe3+ 13. fxe3 d5 14.
Rg1 g5 15. Bg3 Bf5 16. Bg2 Bc5 17. Bf2 O-O-O 18. Rgf1 Rhe8 19. e4 Bxf2 20. Rxf2
dxe4 21. Rxd8+ Kxd8 22. fxe4 Bxe4 23. Bxe4 Rxe4 24. Kd2 Rf4 25. Rxf4 gxf4 26.
Kd3 f5 27. Kd4 Ke7 28. Ke5 b5 29. Kxf5 a5 30. Kxf4 Kf6 31. e4 c5 32. e5+ Ke6
33. Ke4 a4 34. c3 b4 35. c4 h5 36. h4 b3 37. a3 Ke7 38. Kd5 Kd7 39. Kxc5 Ke6
40. Kd4 Ke7 41. c5 1-0

[Event "Tournoi Skype 022A"]
[Site "Skype"]
[Date "????.??.??"]
[Round "2.22"]
[White "Mordaa, Ahmad"]
[Black "Teles, Jeferson Lisboa"]
[Result "1/2-1/2"]
[WhiteElo "1467"]
[BlackElo "1633"]
[PlyCount "85"]

1. e4 c6 2. d4 d5 3. Nd2 dxe4 4. Nxe4 Bf5 5. Ng3 Bg6 6. Nf3 h6 7. c3 e6 8. Ne5
Nf6 9. Nxg6 fxg6 10. Bd3 Kf7 11. Qc2 g5 12. Bg6+ Kg8 13. O-O Bd6 14. Re1 Na6
15. Rxe6 Qc7 16. Re1 h5 17. Qb3+ Kf8 18. Bf5 h4 19. Nf1 g4 20. Qd1 g3 21. f3
gxh2+ 22. Kh1 Nh5 23. Qc2 Ng3+ 24. Nxg3 hxg3 25. Bd2 c5 26. d5 c4 27. Be6 Qe7
28. Qf5+ Qf6 29. Qxf6+ gxf6 30. Be3 b6 31. Bd4 Kg7 32. Re4 Rh5 33. Rg4+ Kh6 34.
Bxf6 Nc5 35. Bg7+ Kh7 36. Re1 Nd3 37. Bd4 Nxe1 38. Rg7+ Kh6 39. Rf7 Nd3 40.
Rf6+ Kh7 41. Rf7+ Kg6 42. Rf6+ Kh7 43. Rf7+ 1/2-1/2

[Event "Tournoi Skype 022A"]
[Site "Skype"]
[Date "????.??.??"]
[Round "2.24"]
[White "Hague, Mark"]
[Black "Rochette, Mathieu"]
[Result "0-1"]
[WhiteElo "1581"]
[BlackElo "1699"]
[PlyCount "40"]

1. b3 Nf6 2. Bb2 e6 3. g3 Be7 4. Bg2 d5 5. e3 Nbd7 6. d3 c5 7. Ne2 b6 8. Nd2
Bb7 9. c4 O-O 10. cxd5 Nxd5 11. Nf4 Nxf4 12. Bxb7 Nxd3+ 13. Ke2 Nxb2 14. Qc2
Rb8 15. Bf3 Ne5 16. Qxb2 Qd3+ 17. Ke1 Nxf3+ 18. Nxf3 Bf6 19. Rd1 Qxd1+ 20. Kxd1
Bxb2 0-1

[Event "Tournoi Skype 022A"]
[Site "Skype"]
[Date "????.??.??"]
[Round "2.25"]
[White "Alvarez, Rafael Andres"]
[Black "Martinez, Jose Abel"]
[Result "0-1"]
[WhiteElo "1578"]
[BlackElo "1669"]
[PlyCount "64"]

1. d4 e6 2. Bf4 f5 3. e3 Nf6 4. Nf3 d6 5. Nbd2 Be7 6. c3 O-O 7. Qc2 b6 8. h3
Bb7 9. Be2 Nbd7 10. O-O-O Qe8 11. Rdg1 c5 12. g4 Ne4 13. Rh2 cxd4 14. Nxe4 fxe4
15. Nxd4 e5 16. Nb5 exf4 17. Nc7 Qc8 18. Nxa8 f3 19. Bc4+ Qxc4 20. Nxb6 axb6
21. h4 Qxa2 22. Rg3 Nc5 23. Qb1 Nd3+ 24. Kc2 Qd5 25. g5 Rc8 26. Kd2 Ba6 27. Qa1
Bc4 28. g6 Nxf2+ 29. Ke1 Nd3+ 30. Kd2 h6 31. b3 Bxb3 32. Qa6 Ra8 0-1

[Event "Tournoi Skype 022A"]
[Site "Skype"]
[Date "????.??.??"]
[Round "2.26"]
[White "Yeter, Orhan"]
[Black "Gharbi, Said"]
[Result "1-0"]
[WhiteElo "1635"]
[BlackElo "1576"]
[PlyCount "53"]

1. e4 e5 2. Nf3 Nc6 3. Bb5 Nge7 4. O-O Nd4 5. Nxd4 exd4 6. c3 c6 7. Bc4 Qb6 8.
Qb3 Qxb3 9. axb3 dxc3 10. bxc3 d5 11. exd5 Nxd5 12. Re1+ Be7 13. Ba3 Be6 14.
Bxd5 cxd5 15. Bxe7 Kxe7 16. d4 Rhc8 17. f4 Kf8 18. Re3 Bf5 19. Nd2 Bg6 20. Ra5
Re8 21. Rxe8+ Rxe8 22. Rxd5 f6 23. Rd7 Rb8 24. Nc4 Bf7 25. Na5 b6 26. Nc6 a5
27. Nxb8 1-0

[Event "Tournoi Skype 022A"]
[Site "Skype"]
[Date "????.??.??"]
[Round "2.27"]
[White "Kruk, Clementine"]
[Black "Sepulveda, Lyda Marcela"]
[Result "0-1"]
[WhiteElo "1559"]
[BlackElo "1624"]
[PlyCount "56"]

1. e4 e5 2. Nf3 Nc6 3. Bc4 Bc5 4. c3 Nf6 5. d4 exd4 6. e5 Qe7 7. cxd4 Bb4+ 8.
Bd2 Bxd2+ 9. Nbxd2 d6 10. Qe2 dxe5 11. dxe5 Ng4 12. Bb5 O-O 13. Nc4 Qb4+ 14.
Nfd2 Qxb5 15. Nf3 Qb4+ 16. Kf1 Be6 17. b3 Rad8 18. h3 Bxc4 19. bxc4 Nh6 20. e6
Rfe8 21. Ng5 fxe6 22. Nxe6 Rd7 23. a3 Qc3 24. Rb1 Rde7 25. g3 Rxe6 26. Qh5
Qxc4+ 27. Kg2 Qe4+ 28. f3 Qc2+ 0-1

[Event "Tournoi Skype 022A"]
[Site "Skype"]
[Date "????.??.??"]
[Round "2.29"]
[White "L'Herbon De Lussats, Jean"]
[Black "Sauvaget, Joel"]
[Result "1/2-1/2"]
[WhiteElo "1507"]
[BlackElo "1616"]
[PlyCount "80"]

1. d4 d5 2. c4 c6 3. cxd5 cxd5 4. Nf3 Nf6 5. e3 a6 6. Nc3 e6 7. Bd3 Be7 8. O-O
O-O 9. e4 dxe4 10. Nxe4 Nd5 11. a3 Nd7 12. Qc2 N7f6 13. Neg5 h6 14. Nh7 Nxh7
15. Bxh7+ Kh8 16. b4 b5 17. Bb2 Bb7 18. Be4 Rc8 19. Qb3 Rc7 20. Rfe1 Qa8 21.
Nd2 Bg5 22. Rad1 Rfc8 23. Qg3 Nf6 24. Bxb7 Qxb7 25. Nb3 Nh5 26. Qg4 Nf4 27. f3
Nd5 28. Qe4 Qc6 29. Nc5 Qd6 30. g3 Rc6 31. Rd3 Nf6 32. Qe2 Nd5 33. Rf1 Qe7 34.
f4 Bf6 35. Qh5 Kh7 36. Qe2 Rg8 37. g4 Rd8 38. Rh3 g5 39. Qe4+ Kg7 40. Rxh6 Kxh6
1/2-1/2

[Event "Tournoi Skype 022A"]
[Site "Skype"]
[Date "????.??.??"]
[Round "2.32"]
[White "Galani, Mahendra"]
[Black "Rugman, Dan"]
[Result "0-1"]
[WhiteElo "1491"]
[BlackElo "1597"]
[PlyCount "68"]

1. e4 c5 2. Nf3 d6 3. d4 cxd4 4. Nxd4 Nf6 5. Bd3 Nc6 6. Nf5 g6 7. Nh6 Be6 8. h3
Bg7 9. Nc3 d5 10. Qe2 dxe4 11. Nxe4 Nxe4 12. Bxe4 Nd4 13. Qd3 Rc8 14. c3 Bc4
15. Qe3 Ne6 16. Bxb7 Rc5 17. Bf3 Re5 18. Bc6+ Kf8 19. Be4 f5 20. f3 fxe4 21.
fxe4 Ke8 22. Ng4 Rb5 23. b3 Qd3 24. Qxd3 Bxd3 25. Nf2 Bxc3+ 26. Kd1 Bxa1 27.
Nxd3 Rf8 28. Kc2 Bg7 29. a4 Nd4+ 30. Kc3 Rxb3+ 31. Kc4 Rb1 32. Nc5 Rf2 33. Nd3
Rc2+ 34. Kd5 e6+ 0-1

[Event "Tournoi Skype 022A"]
[Site "Skype"]
[Date "????.??.??"]
[Round "2.33"]
[White "Perez Fermin, Jose"]
[Black "Le Brun, Yves"]
[Result "0-1"]
[WhiteElo "1590"]
[BlackElo "1491"]
[PlyCount "48"]

1. e4 e5 2. Bc4 d6 3. h3 Nf6 4. Nc3 c6 5. Bb3 Be7 6. Nf3 Nbd7 7. d4 h6 8. O-O
O-O 9. Be3 b5 10. a3 Bb7 11. Nd2 a5 12. f4 a4 13. Ba2 Qb6 14. Qe1 exd4 15. Bf2
c5 16. Nd5 Nxd5 17. exd5 Rae8 18. Qd1 Nf6 19. b3 Nxd5 20. bxa4 Nxf4 21. Nf3
bxa4 22. Rb1 Qc6 23. Bg3 Bg5 24. h4 Ne2+ 0-1

[Event "Tournoi Skype 022A"]
[Site "Skype"]
[Date "????.??.??"]
[Round "2.34"]
[White "Marino, Giuseppe"]
[Black "Carballo, Jorge"]
[Result "1/2-1/2"]
[WhiteElo "1356"]
[BlackElo "1589"]
[PlyCount "32"]

1. e4 e5 2. Bc4 Be7 3. Qh5 Nh6 4. Qxe5 O-O 5. d3 d6 6. Qf4 g5 7. Qg3 Ng4 8. h3
Ne5 9. Nd2 Nbc6 10. c3 Na5 11. f4 Naxc4 12. Nxc4 Nxd3+ 13. Qxd3 Bd7 14. fxg5
Re8 15. Nf3 Bc6 16. Be3 d5 1/2-1/2

[Event "Tournoi Skype 022A"]
[Site "Skype"]
[Date "????.??.??"]
[Round "3.1"]
[White "Rico Hernandez, Edgar"]
[Black "Devos, Piet"]
[Result "0-1"]
[WhiteElo "1861"]
[BlackElo "2211"]
[PlyCount "84"]

1. d4 Nf6 2. c4 c5 3. d5 b5 4. cxb5 a6 5. f3 axb5 6. e4 Qa5+ 7. Bd2 b4 8. Bc4
d6 9. Ne2 Nbd7 10. Nc1 g6 11. O-O Bg7 12. Qc2 Ne5 13. Be2 Qb6 14. Be3 O-O 15.
Nd2 Ba6 16. Nd3 Nfd7 17. Rfb1 Rfb8 18. Nxe5 Nxe5 19. Bxa6 Qxa6 20. Nb3 Qd3 21.
Qd2 Ra6 22. f4 Qxd2 23. Nxd2 Ng4 24. Bf2 Rba8 25. Nc4 Rxa2 26. Rxa2 Rxa2 27. h3
Nf6 28. Nd2 Nh5 29. Bh4 Bxb2 30. Nc4 Bd4+ 31. Kh1 f6 32. e5 Nxf4 33. exd6 exd6
34. Nxd6 Nxd5 35. Re1 Ra1 36. Rxa1 Bxa1 37. Ne4 c4 38. Nd2 c3 39. Nb3 c2 40.
Be1 Bc3 41. Bxc3 Nxc3 42. Nc1 Na2 0-1

[Event "Tournoi Skype 022A"]
[Site "Skype"]
[Date "????.??.??"]
[Round "3.2"]
[White "Benson, Paul"]
[Black "Ricieri, Vinicius"]
[Result "1-0"]
[WhiteElo "2015"]
[BlackElo "1857"]
[PlyCount "67"]

1. e4 c5 2. Nf3 Nc6 3. d4 cxd4 4. Nxd4 g6 5. c4 Bg7 6. Be3 Nf6 7. Nc3 O-O 8.
Be2 d6 9. O-O Bd7 10. Qd2 Nxd4 11. Bxd4 Bc6 12. f3 Nd7 13. Bxg7 Kxg7 14. Rac1
a5 15. Rfd1 a4 16. Qe3 Qb6 17. Qxb6 Nxb6 18. Kf2 Rfc8 19. Ke3 Be8 20. Nd5 Nxd5+
21. exd5 Rab8 22. Kd4 b5 23. b3 axb3 24. axb3 bxc4 25. Bxc4 Bb5 26. Bxb5 Rxc1
27. Rxc1 Rxb5 28. Rb1 Kf6 29. b4 e5+ 30. Kc4 Rb8 31. b5 Ke7 32. b6 Kd7 33. Kb5
Rb7 34. Rc1 1-0

[Event "Tournoi Skype 022A"]
[Site "Skype"]
[Date "????.??.??"]
[Round "3.3"]
[White "Gasperoni, Claudio"]
[Black "Deville, Olivier"]
[Result "1-0"]
[WhiteElo "1853"]
[BlackElo "1991"]
[PlyCount "45"]

1. d4 Nf6 2. Nf3 e6 3. e3 c5 4. c4 cxd4 5. exd4 d5 6. Nc3 Be7 7. Bd3 O-O 8. O-O
b6 9. cxd5 Nxd5 10. Re1 Bb7 11. a3 Nd7 12. Bd2 Rc8 13. Qe2 Re8 14. Nxd5 exd5
15. Rac1 Rxc1 16. Bxc1 Nf6 17. Bb5 Nd7 18. Ne5 Bd6 19. Bxd7 Re7 20. Bb5 f6 21.
f4 fxe5 22. fxe5 Bb8 23. Bg5 1-0

[Event "Tournoi Skype 022A"]
[Site "Skype"]
[Date "????.??.??"]
[Round "3.4"]
[White "Levantini, Claudio"]
[Black "Gomez, Ken"]
[Result "0-1"]
[WhiteElo "1432"]
[BlackElo "1900"]
[PlyCount "56"]

1. e4 c5 2. Nc3 g6 3. f4 Bg7 4. Nf3 Nc6 5. Bb5 Nd4 6. Nxd4 cxd4 7. Ne2 Qb6 8.
Bd3 d6 9. O-O Nf6 10. Ng3 h5 11. e5 dxe5 12. fxe5 Ng4 13. Re1 Nxe5 14. Qe2 O-O
15. Kh1 Bg4 16. Qf1 h4 17. Ne4 h3 18. Be2 hxg2+ 19. Qxg2 Bxe2 20. Rxe2 d3 21.
cxd3 Nxd3 22. Qh3 Nf4 23. Qh4 Nxe2 24. d4 Qxd4 25. Bg5 Rac8 26. Re1 Rc2 27. Bh6
Bxh6 28. Rxe2 Rxe2 0-1

[Event "Tournoi Skype 022A"]
[Site "Skype"]
[Date "????.??.??"]
[Round "3.5"]
[White "Lopez, Jose Luis"]
[Black "Lambert, Pierre"]
[Result "1/2-1/2"]
[WhiteElo "1897"]
[BlackElo "1804"]
[PlyCount "49"]

1. e4 e5 2. Nf3 Nc6 3. Bb5 a6 4. Ba4 Nf6 5. O-O b5 6. Bb3 Be7 7. Re1 O-O 8. a4
Bb7 9. Nc3 b4 10. Nd5 d6 11. d4 exd4 12. Nxd4 Nxd4 13. Nxe7+ Qxe7 14. Qxd4 c5
15. Qd1 Qc7 16. Bf4 Rad8 17. Bd5 Rfe8 18. Bg5 Bxd5 19. Bxf6 gxf6 20. exd5 Qd7
21. Qf3 Re5 22. Rxe5 fxe5 23. Qf6 Re8 24. Qg5+ Kh8 25. Qf6+ 1/2-1/2